000 00624cam a22002411 4500
001 sa 68002777
003 DLC
005 20260227112446.0
008 890525s1967 ii b 000 0 gujo
010 _asa 68002777
035 _a(OCoLC)19766944
040 _aDLC
_cWaU
_dDLC
042 _apremarc
050 0 0 _aPK1859.A35
_bA78 1967
100 0 _aAkhā,
_dactive 17th century.
245 1 0 _aAkhegītā.
260 _c[1967]
300 _a22, 140 p.
_c23 cm.
500 _aIn Gujarati.
504 _aBibliographical footnotes.
700 1 _aJośī, Umāśaṅkara,
_d1911-1988.
700 1 _aJośī, Ramaṇalāla.
999 _c78985
_d78985